[Event "Nationale pupillendag 2013"]
[Site "Roosendaal"]
[Date "2013.06.15"]
[Round "7.1"]
[White "Schoppen, Jochem"]
[Black "Nguyen, Lucas"]
[Result "0-1"]
[LiveChessVersion "1.4.2"]
[BlackElo "1104"]
[WhiteElo "947"]

1. e4 {[%clk 0:19:59]} c5 {[%clk 0:19:59]} 2. Nf3 {[%clk 0:19:58]} Nc6
{[%clk 0:19:58]} 3. d4 {[%clk 0:19:55]} cxd4 4. Nxd4 {[%clk 0:19:53]} g6
{[%clk 0:19:56]} 5. Nc3 {[%clk 0:19:50]} Bg7 {[%clk 0:19:55]} 6. Be3
{[%clk 0:19:47]} d6 {[%clk 0:19:53]} 7. f3 {[%clk 0:19:43]} Qb6 {[%clk 0:19:48]}
8. Nce2 {[%clk 0:18:13]} Nxd4 {[%clk 0:17:34]} 9. Bxd4 {[%clk 0:18:01]} Bxd4
{[%clk 0:17:32]} 10. Qxd4 Qxd4 {[%clk 0:16:44]} 11. Nxd4 {[%clk 0:17:52]} a6
{[%clk 0:16:36]} 12. O-O-O {[%clk 0:17:33]} Nf6 {[%clk 0:16:32]} 13. Bc4
{[%clk 0:17:20]} O-O {[%clk 0:16:26]} 14. h4 {[%clk 0:17:16]} h5 {[%clk 0:16:16]}
15. Rhe1 {[%clk 0:16:50]} Bd7 {[%clk 0:16:00]} 16. e5 {[%clk 0:16:36]} dxe5
{[%clk 0:15:51]} 17. Rxe5 {[%clk 0:16:32]} Rac8 {[%clk 0:15:37]} 18. Bb3
{[%clk 0:15:59]} e6 {[%clk 0:15:02]} 19. Ne2 {[%clk 0:15:09]} Bb5
{[%clk 0:14:26]} 20. Nf4 {[%clk 0:14:46]} Bd7 {[%clk 0:13:33]} 21. Rd6
{[%clk 0:13:33]} Rfe8 {[%clk 0:12:07]} 22. Rg5 {[%clk 0:12:06]} Kh7
{[%clk 0:11:30]} 23. Kd2 {[%clk 0:11:11]} Bb5 {[%clk 0:10:51]} 24. a4
{[%clk 0:10:30]} Bc6 {[%clk 0:10:47]} 25. Kd3 {[%clk 0:09:50]} Kh6
{[%clk 0:08:57]} 26. Kd4 {[%clk 0:08:58]} Kg7 {[%clk 0:07:55]} 27. Ke5
{[%clk 0:07:43]} Ng8 {[%clk 0:07:24]} 28. Nxh5+ {[%clk 0:07:26]} Kf8
{[%clk 0:06:27]} 29. Nf6 {[%clk 0:06:34]} Nxf6 {[%clk 0:05:34]} 30. Kxf6
{[%clk 0:06:31]} Re7 {[%clk 0:05:07]} 31. h5 {[%clk 0:06:03]} Rce8
{[%clk 0:02:07]} 32. h6 {[%clk 0:05:26]} Kg8 {[%clk 0:02:03]} 33. Rg4
{[%clk 0:04:29]} Kh7 {[%clk 0:02:02]} 34. Rh4 {[%clk 0:04:27]} Rc7
{[%clk 0:01:47]} 35. c3 {[%clk 0:03:02]} Rce7 {[%clk 0:01:41]} 36. Rd3
{[%clk 0:02:38]} Rc7 {[%clk 0:01:21]} 37. g4 {[%clk 0:02:31]} Rce7
{[%clk 0:01:11]} 38. Re3 {[%clk 0:01:25]} Bd7 {[%clk 0:01:02]} 39. Ke5
{[%clk 0:01:06]} Bc6 {[%clk 0:01:01]} 40. f4 {[%clk 0:00:55]} Rd7
{[%clk 0:00:46]} 41. Bc4 {[%clk 0:00:43]} b5 {[%clk 0:00:44]} 42. axb5
{[%clk 0:00:40]} axb5 {[%clk 0:00:43]} 43. Bb3 {[%clk 0:00:38]} Rd2
{[%clk 0:00:39]} 44. g5 {[%clk 0:00:34]} Rxb2 {[%clk 0:00:37]} 45. c4
{[%clk 0:00:30]} bxc4 {[%clk 0:00:33]} 46. Bxc4 {[%clk 0:00:30]} Rb7
{[%clk 0:00:29]} 47. Rd3 {[%clk 0:00:29]} Rc7 {[%clk 0:00:26]} 48. Kd6
{[%clk 0:00:26]} Ree7 {[%clk 0:00:22]} 49. Ba6 {[%clk 0:00:23]} Red7+
{[%clk 0:00:20]} 50. Ke5 {[%clk 0:00:19]} Bb7 {[%clk 0:00:20]} 51. Rxd7
{[%clk 0:00:15]} Rxd7 {[%clk 0:00:18]} 52. Bxb7 {[%clk 0:00:13]} Rxb7
{[%clk 0:00:18]} 53. Kf6 {[%clk 0:00:10]} Rb5 {[%clk 0:00:17]} 54. Rh3
{[%clk 0:00:07]} Rf5+ {[%clk 0:00:14]} 55. Ke7 {[%clk 0:00:06]} Rxf4
{[%clk 0:00:13]} 56. Rg3 {[%clk 0:00:02]} Rf1 {[%clk 0:00:11]} 57. Rg2
{[%clk 0:00:02]} Rf5 {[%clk 0:00:10]} 58. Rg4 {[%clk 0:00:01]} Ra5
{[%clk 0:00:08]} 59. Rg3 0-1

[Event "Nationale pupillendag 2013"]
[Site "Roosendaal"]
[Date "2013.06.15"]
[Round "7.2"]
[White "Muntean, Victor"]
[Black "Van Dael, Siem"]
[Result "1-0"]
[LiveChessVersion "1.4.2"]
[BlackElo "1454"]
[WhiteElo "961"]

1. e4 {[%clk 0:19:58]} e5 {[%clk 0:19:59]} 2. d4 {[%clk 0:19:55]} exd4
{[%clk 0:19:56]} 3. c3 {[%clk 0:19:52]} d3 {[%clk 0:19:40]} 4. Bxd3
{[%clk 0:19:49]} Nc6 {[%clk 0:19:39]} 5. Be3 {[%clk 0:19:42]} d6 {[%clk 0:19:34]}
6. Nf3 {[%clk 0:19:35]} Bg4 {[%clk 0:19:32]} 7. O-O {[%clk 0:19:31]} Nf6
{[%clk 0:19:30]} 8. Qc2 {[%clk 0:19:24]} Bxf3 {[%clk 0:19:27]} 9. gxf3
{[%clk 0:19:21]} Be7 {[%clk 0:19:23]} 10. Nd2 {[%clk 0:19:08]} Qd7
{[%clk 0:19:15]} 11. Bb5 {[%clk 0:18:57]} a6 {[%clk 0:19:11]} 12. Bxc6
{[%clk 0:18:50]} Qxc6 {[%clk 0:19:09]} 13. Nb3 {[%clk 0:18:43]} Qd7
{[%clk 0:18:50]} 14. Nd4 {[%clk 0:18:31]} c5 {[%clk 0:18:43]} 15. Nf5
{[%clk 0:18:22]} O-O {[%clk 0:18:28]} 16. Rad1 {[%clk 0:18:17]} Rfe8
{[%clk 0:18:17]} 17. Bxc5 {[%clk 0:18:01]} g6 {[%clk 0:15:51]} 18. Nxe7+
{[%clk 0:17:55]} Qxe7 {[%clk 0:15:43]} 19. Bxd6 {[%clk 0:17:51]} Qe6
{[%clk 0:15:33]} 20. e5 {[%clk 0:17:36]} Nd5 {[%clk 0:15:19]} 21. c4
{[%clk 0:17:26]} Nf4 {[%clk 0:15:16]} 22. Qe4 {[%clk 0:17:05]} Nh5
{[%clk 0:14:29]} 23. Qxb7 {[%clk 0:16:54]} Qxc4 {[%clk 0:13:56]} 24. Qd5
{[%clk 0:16:43]} Qxd5 {[%clk 0:13:35]} 25. Rxd5 {[%clk 0:16:41]} Nf4
{[%clk 0:13:33]} 26. Rc5 {[%clk 0:16:27]} Nd3 {[%clk 0:13:25]} 27. Rc2
{[%clk 0:16:12]} Nxe5 {[%clk 0:13:17]} 28. Bxe5 {[%clk 0:16:04]} Rxe5
{[%clk 0:13:17]} 29. Rfc1 {[%clk 0:15:56]} Ree8 {[%clk 0:13:10]} 30. b4
{[%clk 0:15:45]} Reb8 {[%clk 0:12:52]} 31. a3 {[%clk 0:15:41]} Kg7
{[%clk 0:12:49]} 32. Rc7 {[%clk 0:15:36]} Rb6 {[%clk 0:12:36]} 33. R1c6
{[%clk 0:15:26]} Rab8 {[%clk 0:12:08]} 34. Rxb6 {[%clk 0:15:05]} Rxb6
{[%clk 0:12:07]} 35. Rc5 {[%clk 0:14:53]} Kf6 {[%clk 0:11:41]} 36. Kg2
{[%clk 0:14:48]} Ke6 {[%clk 0:11:40]} 37. Kg3 {[%clk 0:14:45]} Kd6
{[%clk 0:11:35]} 38. Kf4 {[%clk 0:14:41]} f6 {[%clk 0:11:29]} 39. Ke4
{[%clk 0:14:25]} Rb5 {[%clk 0:10:34]} 40. Rc4 {[%clk 0:14:09]} Re5+
{[%clk 0:10:16]} 41. Kd4 {[%clk 0:14:01]} Rh5 {[%clk 0:09:57]} 42. Rc5
{[%clk 0:13:44]} Rxc5 {[%clk 0:09:35]} 43. bxc5+ {[%clk 0:13:41]} Kc6
{[%clk 0:09:34]} 44. Kc4 {[%clk 0:13:40]} a5 {[%clk 0:09:33]} 45. a4
{[%clk 0:13:37]} h6 {[%clk 0:09:31]} 46. h4 {[%clk 0:13:34]} g5 {[%clk 0:08:49]}
47. h5 {[%clk 0:13:30]} f5 {[%clk 0:08:13]} 48. Kd4 f4 49. Kc4 {[%clk 0:12:31]}
g4 {[%clk 0:06:24]} 50. fxg4 {[%clk 0:12:25]} f3 {[%clk 0:06:23]} 51. Kd4
{[%clk 0:12:21]} Kc7 {[%clk 0:06:16]} 52. Kd5 {[%clk 0:12:17]} Kd7
{[%clk 0:06:14]} 53. c6+ {[%clk 0:12:14]} Kc7 {[%clk 0:06:13]} 54. Kc5
{[%clk 0:12:05]} Kc8 {[%clk 0:06:08]} 55. Kb6 {[%clk 0:11:58]} Kb8
{[%clk 0:06:05]} 56. Kxa5 {[%clk 0:11:56]} Kc7 {[%clk 0:05:53]} 57. Kb5
{[%clk 0:11:54]} Kc8 {[%clk 0:05:51]} 58. a5 {[%clk 0:11:53]} Kc7
{[%clk 0:05:46]} 59. a6 {[%clk 0:11:51]} Kb8 {[%clk 0:05:38]} 60. Kb6
{[%clk 0:11:50]} Ka8 {[%clk 0:05:37]} 61. Ka5 {[%clk 0:11:31]} Kb8
{[%clk 0:05:33]} 62. Kb5 {[%clk 0:11:26]} Ka8 {[%clk 0:05:20]} 63. c7
{[%clk 0:11:20]} Ka7 {[%clk 0:05:18]} 64. g5 {[%clk 0:11:08]} Ka8
{[%clk 0:04:54]} 65. c8=Q+ {[%clk 0:11:03]} Ka7 {[%clk 0:04:52]} 66. Qb7# 1-0

[Event "Nationale pupillendag 2013"]
[Site "Roosendaal"]
[Date "2013.06.15"]
[Round "7.3"]
[White "Elgersma, Onno"]
[Black "Kentstra, Marc"]
[Result "1-0"]
[LiveChessVersion "1.4.2"]
[BlackElo "647"]
[WhiteElo "492"]

1. e4 {[%clk 0:19:58]} e5 {[%clk 0:19:59]} 2. Bc4 {[%clk 0:19:56]} Nf6
{[%clk 0:19:55]} 3. Nf3 {[%clk 0:19:53]} Nc6 {[%clk 0:19:53]} 4. Ng5
{[%clk 0:19:50]} Qe7 {[%clk 0:19:23]} 5. Nc3 {[%clk 0:19:42]} h6 {[%clk 0:19:14]}
6. Nf3 {[%clk 0:19:34]} Qb4 {[%clk 0:19:04]} 7. Nb5 {[%clk 0:19:01]} Qa5
{[%clk 0:18:33]} 8. O-O {[%clk 0:18:33]} Nxe4 {[%clk 0:18:24]} 9. Qe2
{[%clk 0:18:24]} Nf6 {[%clk 0:18:03]} 10. Nxe5 {[%clk 0:18:18]} Be7
{[%clk 0:17:17]} 11. Re1 {[%clk 0:18:12]} O-O {[%clk 0:17:11]} 12. Nxc6
{[%clk 0:18:09]} dxc6 {[%clk 0:16:49]} 13. Qxe7 {[%clk 0:18:07]} cxb5
{[%clk 0:16:43]} 14. Bd3 {[%clk 0:17:45]} Bd7 {[%clk 0:16:05]} 15. Re3
{[%clk 0:16:38]} Nd5 {[%clk 0:15:35]} 16. Qe4 {[%clk 0:16:28]} Nxe3
{[%clk 0:15:30]} 17. Qh7# {[%clk 0:16:26]} 1-0

[Event "Nationale pupillendag 2013"]
[Site "Roosendaal"]
[Date "2013.06.15"]
[Round "7.4"]
[White "Kudlicka, Daniel"]
[Black "Sealy, Dylan"]
[Result "0-1"]
[LiveChessVersion "1.4.2"]
[BlackElo "781"]
[WhiteElo "659"]

1. e4 {[%clk 0:19:59]} e5 {[%clk 0:19:59]} 2. Nf3 {[%clk 0:19:58]} Nc6
{[%clk 0:19:57]} 3. Bb5 {[%clk 0:19:57]} a6 {[%clk 0:19:55]} 4. Bxc6
{[%clk 0:19:56]} dxc6 {[%clk 0:19:53]} 5. Nxe5 {[%clk 0:19:52]} Qd4
{[%clk 0:19:50]} 6. Nf3 {[%clk 0:19:37]} Qxe4+ {[%clk 0:19:47]} 7. Qe2
{[%clk 0:19:36]} Qxe2+ {[%clk 0:19:44]} 8. Kxe2 {[%clk 0:19:35]} Bf5
{[%clk 0:19:37]} 9. Na3 {[%clk 0:19:31]} Bc5 {[%clk 0:19:30]} 10. d4
{[%clk 0:19:26]} Bb6 {[%clk 0:19:21]} 11. c3 {[%clk 0:19:16]} Nf6
{[%clk 0:19:16]} 12. Nc4 {[%clk 0:19:13]} Ba7 {[%clk 0:19:08]} 13. Bg5
{[%clk 0:19:03]} Nd5 {[%clk 0:18:44]} 14. Nh4 {[%clk 0:18:32]} Be6
{[%clk 0:18:30]} 15. Ne3 {[%clk 0:18:17]} Nxe3 {[%clk 0:18:21]} 16. Bxe3
{[%clk 0:18:15]} h6 {[%clk 0:18:18]} 17. Nf3 {[%clk 0:18:05]} O-O
{[%clk 0:18:14]} 18. Ne5 {[%clk 0:18:03]} Rfe8 {[%clk 0:17:55]} 19. Rhg1
{[%clk 0:18:00]} Bf5 {[%clk 0:17:25]} 20. g4 {[%clk 0:17:59]} Bh7
{[%clk 0:16:59]} 21. g5 {[%clk 0:17:56]} hxg5 {[%clk 0:16:47]} 22. Bxg5
{[%clk 0:17:55]} c5 {[%clk 0:16:41]} 23. Bh6 {[%clk 0:17:39]} g6 {[%clk 0:16:31]}
24. Bf4 {[%clk 0:17:29]} cxd4 {[%clk 0:16:27]} 25. cxd4 {[%clk 0:17:27]} Rad8
{[%clk 0:16:21]} 26. Rad1 {[%clk 0:17:05]} f6 {[%clk 0:16:06]} 27. Bg5
{[%clk 0:16:19]} fxg5 {[%clk 0:15:57]} 28. Rxg5 {[%clk 0:16:18]} Bxd4
{[%clk 0:15:42]} 29. Kf1 {[%clk 0:15:57]} Bxe5 {[%clk 0:15:12]} 30. Rxd8
{[%clk 0:15:54]} Rxd8 {[%clk 0:15:08]} 31. Rxe5 {[%clk 0:15:53]} Kf7
{[%clk 0:15:01]} 32. Rc5 {[%clk 0:15:41]} c6 {[%clk 0:14:56]} 33. Rc3
{[%clk 0:15:37]} Rd2 {[%clk 0:14:50]} 34. Rf3+ {[%clk 0:15:32]} Kg7
{[%clk 0:14:47]} 35. Rb3 {[%clk 0:15:30]} b5 {[%clk 0:14:41]} 36. a3
{[%clk 0:15:18]} c5 {[%clk 0:14:31]} 37. Ke1 {[%clk 0:15:17]} Rd8
{[%clk 0:14:24]} 38. Re3 {[%clk 0:15:14]} Bg8 {[%clk 0:13:59]} 39. Re7+
{[%clk 0:15:11]} Kh6 {[%clk 0:13:57]} 40. Ra7 {[%clk 0:15:10]} Rd6
{[%clk 0:13:46]} 41. Ke2 {[%clk 0:15:03]} Kg5 {[%clk 0:13:34]} 42. Kf3
{[%clk 0:14:57]} Re6 {[%clk 0:13:13]} 43. Kg3 {[%clk 0:14:53]} Rf6
{[%clk 0:13:05]} 44. h4+ {[%clk 0:14:49]} Kh5 {[%clk 0:12:59]} 45. f4
{[%clk 0:14:43]} Kh6 {[%clk 0:12:40]} 46. Rc7 {[%clk 0:14:39]} c4
{[%clk 0:12:32]} 47. Rc5 {[%clk 0:14:35]} Be6 {[%clk 0:12:15]} 48. Rc6
{[%clk 0:14:24]} a5 {[%clk 0:11:44]} 49. Rb6 {[%clk 0:14:13]} b4 {[%clk 0:11:27]}
50. axb4 {[%clk 0:14:12]} axb4 {[%clk 0:11:26]} 51. Rxb4 {[%clk 0:14:10]} Rf8
{[%clk 0:10:57]} 52. Rb6 {[%clk 0:14:04]} Re8 {[%clk 0:10:41]} 53. Kf3
{[%clk 0:13:46]} Kg7 {[%clk 0:10:06]} 54. Rb5 {[%clk 0:13:39]} Bf5
{[%clk 0:09:29]} 55. Re5 {[%clk 0:13:33]} Rb8 {[%clk 0:09:05]} 56. Re7+
{[%clk 0:13:19]} Kf6 {[%clk 0:08:56]} 57. Rc7 {[%clk 0:13:18]} Be6
{[%clk 0:08:45]} 58. Rc6 {[%clk 0:13:09]} Rxb2 {[%clk 0:08:42]} 59. Kg3
{[%clk 0:13:07]} Rb3+ {[%clk 0:08:38]} 60. Kf2 {[%clk 0:13:04]} Rb2+
{[%clk 0:08:25]} 61. Kg3 {[%clk 0:13:01]} Rb3+ {[%clk 0:08:14]} 62. Kf2
{[%clk 0:12:58]} c3 {[%clk 0:08:13]} 63. Kg2 {[%clk 0:12:48]} Rb2+
{[%clk 0:07:51]} 64. Kg3 {[%clk 0:12:44]} c2 {[%clk 0:07:46]} 65. Kf3
{[%clk 0:12:33]} Ke7 {[%clk 0:07:27]} 66. Ke4 {[%clk 0:12:25]} Kd7
{[%clk 0:07:17]} 67. Rc5 {[%clk 0:12:24]} Bf5+ {[%clk 0:07:09]} 68. Ke5
{[%clk 0:12:18]} Rb1 {[%clk 0:07:06]} 69. Rd5+ {[%clk 0:12:17]} Ke7
{[%clk 0:06:58]} 70. Rc5 {[%clk 0:12:08]} c1=Q {[%clk 0:06:52]} 71. Rxc1 Rxc1 72.
h5 {[%clk 0:11:42]} Re1+ {[%clk 0:06:43]} 73. Kd4 {[%clk 0:11:39]} gxh5
{[%clk 0:06:41]} 74. Kc3 {[%clk 0:11:37]} h4 {[%clk 0:06:40]} 75. Kd2
{[%clk 0:11:36]} Re6 {[%clk 0:06:38]} 76. Kc3 {[%clk 0:11:35]} h3
{[%clk 0:06:37]} 77. Kc4 {[%clk 0:11:34]} h2 {[%clk 0:06:35]} 78. Kc5
{[%clk 0:11:23]} h1=Q {[%clk 0:06:31]} 79. Kc4 {[%clk 0:11:20]} Qd1
{[%clk 0:06:21]} 80. Kc5 {[%clk 0:11:17]} Kd7 {[%clk 0:06:16]} 81. Kc4
{[%clk 0:11:14]} Rc6+ {[%clk 0:06:14]} 82. Kb5 {[%clk 0:11:10]} Kc7
{[%clk 0:06:06]} 83. Ka5 {[%clk 0:11:09]} Qd5+ {[%clk 0:05:52]} 84. Kb4
{[%clk 0:11:07]} Kb7 {[%clk 0:05:41]} 85. Ka4 {[%clk 0:10:49]} Rc4+
{[%clk 0:05:35]} 86. Kb3 {[%clk 0:10:48]} Qd3+ {[%clk 0:05:33]} 87. Kb2
{[%clk 0:10:47]} Rc2+ {[%clk 0:05:30]} 88. Kb1 {[%clk 0:10:44]} Qd1#
{[%clk 0:05:28]} 0-1

[Event "Nationale pupillendag 2013"]
[Site "Roosendaal"]
[Date "2013.06.15"]
[Round "7.5"]
[White "Wijtsma, Aurelius"]
[Black "Smith, Everett"]
[Result "0-1"]
[LiveChessVersion "1.4.2"]
[BlackElo "853"]
[WhiteElo "622"]

1. e4 {[%clk 0:20:00]} e5 2. Nf3 Nc6 {[%clk 0:19:53]} 3. Nc3 {[%clk 0:19:59]} Nf6
{[%clk 0:19:45]} 4. d4 {[%clk 0:19:58]} exd4 {[%clk 0:19:17]} 5. Nxd4
{[%clk 0:19:54]} Bc5 {[%clk 0:19:04]} 6. Nxc6 {[%clk 0:19:25]} bxc6
{[%clk 0:18:59]} 7. Bg5 {[%clk 0:19:06]} h6 {[%clk 0:18:57]} 8. Bf4
{[%clk 0:18:53]} O-O {[%clk 0:18:28]} 9. Be2 {[%clk 0:18:28]} d5 {[%clk 0:18:27]}
10. exd5 {[%clk 0:18:17]} cxd5 {[%clk 0:18:22]} 11. O-O {[%clk 0:18:01]} Bf5
{[%clk 0:18:08]} 12. Be3 {[%clk 0:17:55]} Bxe3 {[%clk 0:18:04]} 13. fxe3
{[%clk 0:17:52]} Rb8 {[%clk 0:18:02]} 14. Rb1 {[%clk 0:17:45]} Be6
{[%clk 0:17:46]} 15. Qd4 {[%clk 0:17:37]} Qe7 {[%clk 0:17:33]} 16. Qxa7
{[%clk 0:17:28]} Ne4 {[%clk 0:17:05]} 17. Nxe4 {[%clk 0:16:51]} dxe4
{[%clk 0:16:50]} 18. Rf4 {[%clk 0:16:31]} Ra8 {[%clk 0:16:24]} 19. Qb7
{[%clk 0:16:12]} Bxa2 {[%clk 0:15:46]} 20. Ra1 {[%clk 0:16:07]} Bd5
{[%clk 0:15:39]} 21. Qxd5 {[%clk 0:15:32]} Rxa1+ {[%clk 0:15:27]} 22. Bf1
{[%clk 0:15:21]} Rd8 {[%clk 0:15:05]} 23. Qc4 {[%clk 0:15:02]} Rdd1
{[%clk 0:14:16]} 24. h3 {[%clk 0:14:26]} g5 {[%clk 0:14:08]} 25. Rf2
{[%clk 0:14:10]} h5 {[%clk 0:13:02]} 26. g3 {[%clk 0:13:25]} c5 {[%clk 0:11:12]}
27. Kg2 {[%clk 0:12:57]} Qc7 {[%clk 0:10:40]} 28. b4 {[%clk 0:11:42]} h4
{[%clk 0:10:20]} 29. g4 {[%clk 0:11:30]} Qg3+ {[%clk 0:10:14]} 30. Kh1
{[%clk 0:11:24]} Qxh3+ {[%clk 0:09:42]} 31. Kg1 {[%clk 0:11:05]} Qg3+
{[%clk 0:09:36]} 32. Rg2 {[%clk 0:10:59]} Rxf1+ {[%clk 0:08:58]} 33. Qxf1
{[%clk 0:10:54]} Rxf1+ {[%clk 0:08:25]} 34. Kxf1 {[%clk 0:10:51]} Qxe3
{[%clk 0:08:22]} 35. bxc5 {[%clk 0:10:47]} Qxc5 {[%clk 0:08:20]} 36. Re2
{[%clk 0:10:44]} h3 {[%clk 0:08:08]} 37. c4 {[%clk 0:10:39]} Qxc4
{[%clk 0:07:49]} 38. Ke1 {[%clk 0:10:32]} e3 {[%clk 0:07:32]} 39. Rh2
{[%clk 0:10:17]} Qc1+ {[%clk 0:07:19]} 40. Ke2 {[%clk 0:10:12]} Qd2+
{[%clk 0:07:07]} 41. Kf1 Qxh2 42. Ke1 {[%clk 0:09:53]} Qf2+ {[%clk 0:07:04]} 43.
Kd1 {[%clk 0:09:52]} Qd2# {[%clk 0:07:03]} 0-1

[Event "Nationale pupillendag 2013"]
[Site "Roosendaal"]
[Date "2013.06.15"]
[Round "7.6"]
[White "Van Houdt, Björn"]
[Black "Janse, Circe"]
[Result "1-0"]
[LiveChessVersion "1.4.2"]
[BlackElo "585"]
[WhiteElo "648"]

1. e4 {[%clk 0:19:59]} e5 {[%clk 0:19:59]} 2. Nf3 {[%clk 0:19:57]} Nc6
{[%clk 0:19:57]} 3. d4 {[%clk 0:19:55]} exd4 {[%clk 0:19:56]} 4. Nxd4
{[%clk 0:19:52]} Bc5 {[%clk 0:19:53]} 5. c3 {[%clk 0:19:51]} Nf6 {[%clk 0:19:49]}
6. Be3 {[%clk 0:19:40]} Nxe4 {[%clk 0:19:44]} 7. Nd2 {[%clk 0:19:38]} Nxd2
{[%clk 0:19:34]} 8. Qxd2 {[%clk 0:19:36]} O-O {[%clk 0:19:26]} 9. Bc4
{[%clk 0:19:32]} d5 {[%clk 0:19:22]} 10. Bb5 {[%clk 0:19:28]} Qf6
{[%clk 0:19:08]} 11. Bxc6 bxc6 {[%clk 0:19:03]} 12. O-O-O {[%clk 0:19:16]} Bf5
{[%clk 0:18:34]} 13. Nxf5 {[%clk 0:19:05]} Bxe3 {[%clk 0:18:30]} 14. Nxe3
{[%clk 0:19:02]} Rfb8 {[%clk 0:18:03]} 15. Rdg1 {[%clk 0:18:59]} Rb7
{[%clk 0:17:59]} 16. g4 {[%clk 0:18:52]} Rab8 {[%clk 0:17:58]} 17. b3
{[%clk 0:18:50]} a5 {[%clk 0:17:48]} 18. a4 {[%clk 0:18:45]} Rxb3
{[%clk 0:17:42]} 19. Kd1 {[%clk 0:18:30]} Rb1+ {[%clk 0:17:36]} 20. Ke2
{[%clk 0:18:28]} R8b2 {[%clk 0:17:34]} 21. Nc2 {[%clk 0:18:24]} Ra1
{[%clk 0:17:15]} 22. Rxa1 {[%clk 0:18:18]} Qe6+ {[%clk 0:17:08]} 23. Kd1
{[%clk 0:18:14]} Qxg4+ {[%clk 0:17:05]} 24. Kc1 {[%clk 0:18:12]} Rb8
{[%clk 0:17:03]} 25. h3 {[%clk 0:18:07]} Qg6 {[%clk 0:16:48]} 26. h4
{[%clk 0:18:02]} h5 {[%clk 0:16:32]} 27. Qg5 {[%clk 0:17:47]} Qe6
{[%clk 0:16:22]} 28. Qxh5 {[%clk 0:17:36]} Qf6 {[%clk 0:16:06]} 29. Rf1
{[%clk 0:17:30]} Qxc3 {[%clk 0:15:08]} 30. Ra2 {[%clk 0:17:06]} d4
{[%clk 0:14:54]} 31. Qe2 {[%clk 0:16:57]} d3 {[%clk 0:14:52]} 32. Qd1
{[%clk 0:16:47]} dxc2 {[%clk 0:14:48]} 33. Rxc2 {[%clk 0:16:39]} Qa1+
{[%clk 0:14:41]} 34. Kd2 {[%clk 0:16:37]} Rb1 {[%clk 0:14:32]} 35. Qxb1
{[%clk 0:16:33]} Qd4+ {[%clk 0:14:28]} 36. Ke1 {[%clk 0:16:29]} Qe4+
{[%clk 0:14:25]} 37. Kd2 {[%clk 0:16:20]} Qd4+ {[%clk 0:14:22]} 38. Kc1
{[%clk 0:16:15]} Qf4+ {[%clk 0:14:18]} 39. Kb2 {[%clk 0:16:06]} Qd4+
{[%clk 0:14:15]} 40. Kc1 {[%clk 0:15:54]} Qf4+ {[%clk 0:14:12]} 41. Kd1
{[%clk 0:15:51]} Qd4+ {[%clk 0:14:10]} 42. Ke2 {[%clk 0:15:47]} Qe4+
{[%clk 0:14:08]} 43. Kd1 {[%clk 0:15:32]} Qd4+ {[%clk 0:13:56]} 44. Rd2
{[%clk 0:15:30]} Qg4+ {[%clk 0:13:54]} 45. f3 {[%clk 0:15:25]} Qxa4+
{[%clk 0:13:52]} 46. Ke1 {[%clk 0:15:16]} Qc4 {[%clk 0:13:33]} 47. Qb8+
{[%clk 0:15:10]} Kh7 {[%clk 0:13:32]} 48. Qb1+ {[%clk 0:15:01]} Kg8
{[%clk 0:13:27]} 49. Rd8# 1-0

[Event "Nationale pupillendag 2013"]
[Site "Roosendaal"]
[Date "2013.06.15"]
[Round "7.7"]
[White "Sagynay, Inzhu"]
[Black "Rutjens, Mika"]
[Result "0-1"]
[LiveChessVersion "1.4.2"]
[BlackElo "613"]
[WhiteElo "560"]

1. e4 {[%clk 0:19:59]} e5 {[%clk 0:20:00]} 2. Nf3 {[%clk 0:19:56]} Nf6
{[%clk 0:19:58]} 3. Nxe5 d6 4. Nf3 {[%clk 0:19:46]} Nxe4 {[%clk 0:19:57]} 5. d4
{[%clk 0:19:22]} Qe7 {[%clk 0:19:53]} 6. Qe2 {[%clk 0:19:09]} d5 {[%clk 0:19:47]}
7. Nbd2 {[%clk 0:18:06]} Bg4 {[%clk 0:19:35]} 8. h3 {[%clk 0:16:08]} Bxf3
{[%clk 0:19:29]} 9. Nxf3 {[%clk 0:16:02]} Nc6 {[%clk 0:19:23]} 10. Bf4
{[%clk 0:14:47]} g6 {[%clk 0:18:54]} 11. O-O-O {[%clk 0:13:01]} Bg7
{[%clk 0:18:25]} 12. g3 {[%clk 0:10:56]} Nd6 {[%clk 0:17:41]} 13. Qxe7+
{[%clk 0:10:44]} Nxe7 {[%clk 0:17:38]} 14. Bxd6 {[%clk 0:10:29]} cxd6
{[%clk 0:17:31]} 15. Re1 {[%clk 0:09:30]} Bf6 {[%clk 0:17:11]} 16. Bb5+
{[%clk 0:09:18]} Kf8 {[%clk 0:16:52]} 17. Re2 {[%clk 0:08:14]} Nc6
{[%clk 0:16:44]} 18. Rd1 {[%clk 0:07:50]} Kg7 {[%clk 0:16:07]} 19. g4
{[%clk 0:07:03]} Rhe8 {[%clk 0:15:50]} 20. Rxe8 Rxe8 {[%clk 0:15:42]} 21. g5
{[%clk 0:06:42]} Bd8 {[%clk 0:15:18]} 22. Kd2 {[%clk 0:05:49]} a6
{[%clk 0:15:06]} 23. Ba4 {[%clk 0:05:45]} b5 {[%clk 0:15:05]} 24. Bb3
{[%clk 0:05:43]} Ne7 {[%clk 0:14:24]} 25. Re1 {[%clk 0:05:37]} Ba5+
{[%clk 0:14:03]} 26. c3 {[%clk 0:05:28]} b4 {[%clk 0:14:01]} 27. Bxd5
{[%clk 0:04:45]} bxc3+ {[%clk 0:13:50]} 28. bxc3 {[%clk 0:04:41]} Kf8
{[%clk 0:13:36]} 29. Bc4 {[%clk 0:04:31]} Rb8 {[%clk 0:12:55]} 30. Kc2
{[%clk 0:03:45]} Rb6 {[%clk 0:12:18]} 31. Re4 {[%clk 0:03:10]} d5
{[%clk 0:12:09]} 32. Bxd5 {[%clk 0:02:39]} Nxd5 {[%clk 0:12:03]} 33. Re5
{[%clk 0:02:36]} Rd6 {[%clk 0:11:05]} 34. c4 {[%clk 0:02:28]} Nb4+
{[%clk 0:10:55]} 35. Kb3 Rb6 {[%clk 0:10:24]} 36. Rxa5 {[%clk 0:02:11]} Nc6+
{[%clk 0:10:22]} 37. Ka4 {[%clk 0:02:03]} Nxa5 {[%clk 0:10:21]} 38. Kxa5
{[%clk 0:02:02]} Rc6 {[%clk 0:10:16]} 39. c5 {[%clk 0:01:53]} Ke7
{[%clk 0:10:10]} 40. a4 {[%clk 0:01:34]} Ke6 {[%clk 0:09:34]} 41. Kb4
{[%clk 0:01:10]} Kd5 {[%clk 0:09:24]} 42. Kc3 {[%clk 0:01:02]} a5
{[%clk 0:09:19]} 43. Nd2 {[%clk 0:00:43]} Rc7 {[%clk 0:08:57]} 44. Nb3
{[%clk 0:00:34]} Ra7 {[%clk 0:08:34]} 45. Kd3 {[%clk 0:00:24]} Ra8
{[%clk 0:08:21]} 46. Kc3 {[%clk 0:00:22]} Ke4 {[%clk 0:08:06]} 47. Kc4
{[%clk 0:00:21]} Rd8 {[%clk 0:07:56]} 0-1

[Event "Nationale pupillendag 2013"]
[Site "Roosendaal"]
[Date "2013.06.15"]
[Round "7.8"]
[White "Huang, Qian"]
[Black "Kudlicka, Marek"]
[Result "0-1"]
[LiveChessVersion "1.4.2"]
[BlackElo "617"]
[WhiteElo "686"]

1. e4 {[%clk 0:19:58]} e5 {[%clk 0:19:59]} 2. Nf3 {[%clk 0:19:57]} Nc6
{[%clk 0:19:58]} 3. Nc3 {[%clk 0:19:54]} Nf6 {[%clk 0:19:56]} 4. d3
{[%clk 0:19:52]} Bc5 {[%clk 0:19:52]} 5. Be2 {[%clk 0:19:49]} O-O
{[%clk 0:19:49]} 6. O-O {[%clk 0:19:48]} d6 {[%clk 0:19:49]} 7. h3
{[%clk 0:19:46]} h6 {[%clk 0:19:47]} 8. a3 {[%clk 0:19:37]} Nd4 {[%clk 0:19:39]}
9. Nxd4 Bxd4 10. Bd2 {[%clk 0:19:29]} Bxc3 {[%clk 0:19:32]} 11. bxc3
{[%clk 0:19:27]} c6 {[%clk 0:19:30]} 12. c4 {[%clk 0:19:22]} d5 {[%clk 0:19:26]}
13. cxd5 {[%clk 0:19:17]} cxd5 {[%clk 0:19:25]} 14. exd5 {[%clk 0:19:07]} Nxd5
{[%clk 0:19:23]} 15. Bf3 {[%clk 0:18:57]} Be6 {[%clk 0:19:22]} 16. c4
{[%clk 0:18:52]} Nf4 {[%clk 0:19:08]} 17. Bxf4 {[%clk 0:18:48]} exf4
{[%clk 0:19:07]} 18. Bxb7 {[%clk 0:18:46]} Rb8 {[%clk 0:19:05]} 19. Rb1
{[%clk 0:18:36]} Qg5 {[%clk 0:18:57]} 20. Bf3 {[%clk 0:18:31]} Rxb1
{[%clk 0:18:46]} 21. Qxb1 {[%clk 0:18:29]} Qg6 {[%clk 0:18:39]} 22. Be4
{[%clk 0:18:12]} Qg5 {[%clk 0:18:35]} 23. Qb5 Qf6 {[%clk 0:17:51]} 24. Kh1
{[%clk 0:17:45]} Qh4 {[%clk 0:17:15]} 25. Rb1 {[%clk 0:17:41]} f5
{[%clk 0:16:39]} 26. Bd5 {[%clk 0:17:25]} Bxd5 {[%clk 0:16:21]} 27. Qxd5+
{[%clk 0:17:23]} Kh7 {[%clk 0:16:20]} 28. f3 {[%clk 0:17:09]} Re8
{[%clk 0:15:58]} 29. Qa5 {[%clk 0:17:02]} Re2 {[%clk 0:15:46]} 30. Qxa7
{[%clk 0:16:55]} Qg3 {[%clk 0:15:39]} 31. a4 {[%clk 0:16:47]} Qxg2#
{[%clk 0:15:33]} 0-1